00582nam a22001817a 4500003000900000005001700009008003900026020001500065040002200080082001500102100002600117245008300143260003700226300002800263490004000291700002900331830004000360DO-SdBNP20171205090318.0161031b 1994 sp a 00| 0 spa d a8434844184 aBPMSUbspacBPMSU axxxxbxxxx1 aSierra i Fabra, Jordi10aHola ¿puedo ayudar? /cJordi Sierra i Fabra ; ilustraciones Federico Delicado aMadrid : bediciones SM, c1994. a109 p. : bil.c21 cm. 0 aLos libros de Víctor y Cía. v51 aDelicado, Federico eil. 0aLos libros de Víctor y Cía. n5